| 000 | 00443nam a22001817a 4500 | ||
|---|---|---|---|
| 003 | MPLRDC | ||
| 005 | 20220104143626.0 | ||
| 008 | 210129b ||||| |||| 00| 0 eng d | ||
| 020 | _a7-80575-862-X | ||
| 082 | _a743.257 CXP | ||
| 100 | _a陈小平编著 | ||
| 245 |
_a集中营档案 _c |
||
| 250 | _a一版一刷 | ||
| 260 |
_a _b成都出版社 _c1995 |
||
| 300 | _b平 | ||
| 650 | _a德国--希特勒专制 | ||
| 942 |
_cBK _o743.257 CXP |
||
| 999 |
_c41741 _d41731 |
||